[Event "Championnat de Paris - Open B"]
[Site "Paris"]
[Date "2008.07.03"]
[Round "6.2"]
[White "Rachid, Danial"]
[Black "Assedo, Johaquim"]
[Result "1-0"]
[WhiteElo "1871"]
[BlackElo "1723"]
[Annotator ""]

1. e4 c5 2. Nc3 g6 3. f4 d6 4. Bc4 Nc6 5. Nf3 e6 6. d3 Nge7 7. O-O Bg7 8. Qe1
O-O 9. f5 exf5 10. Qh4 h5 11. Bg5 Qd7 12. Nd5 Nxd5 13. Bxd5 fxe4 14. Qxe4 Qf5
15. Qxf5 Bxf5 16. Nh4 Bd7 17. Nxg6 Rfc8 18. Bxc6 Bxc6 19. Ne7+ Kf8 20. Nxc8
Rxc8 21. Bf6 Bh6 22. Rae1 Kg8 23. Rf5 Kh7 24. Bc3 Rg8 25. Rxf7+ Kg6 26. Rf6+
Kg5 27. Ref1 Kh4 28. Be1+ Kg5 29. R1f5+ Kg4 30. h3+ 1-0

[Event "Championnat de Paris - Open B"]
[Site "Paris"]
[Date "2008.07.03"]
[Round "6.3"]
[White "Talamon, Jerome"]
[Black "Eden, James"]
[Result "0-1"]
[WhiteElo "1694"]
[BlackElo "1790"]
[Annotator ""]

1. Nf3 d5 2. d4 Nf6 3. e3 e6 4. Bd3 Be7 5. O-O O-O 6. Nbd2 c5 7. b3 Nc6 8. Bb2
b6 9. a3 Bb7 10. Rc1 Re8 11. Ne5 Nxe5 12. dxe5 Nd7 13. f4 c4 14. bxc4 Bc5
15. Qe2 Qe7 16. cxd5 Bxd5 17. c4 Bb7 18. Rc3 Rad8 19. Kh1 b5 20. cxb5 Nb6
21. Bc2 Nd5 22. Rd3 a6 23. a4 Rc8 24. Bb1 Nc7 25. Nc4 Red8 26. Rfd1 Bd5 27. Na3
axb5 28. axb5 Ra8 29. Rxd5 Nxd5 30. Qd3 g6 31. Nc4 Nxe3 32. Nd6 Nxd1 33. Qxd1
Bxd6 34. exd6 Qxd6 35. Qxd6 Rxd6 0-1

[Event "Championnat de Paris - Open B"]
[Site "Paris"]
[Date "2008.07.03"]
[Round "6.4"]
[White "Saunier, Serge"]
[Black "Clement, Alexandre"]
[Result "1-0"]
[WhiteElo "1890"]
[BlackElo "1583"]
[Annotator ""]

1. d4 d5 2. Nf3 Nf6 3. c4 c6 4. Nc3 e6 5. Bg5 Be7 6. e3 Nbd7 7. Bd3 dxc4
8. Bxc4 b5 9. Bd3 a6 10. O-O h6 11. Bh4 c5 12. b3 Bb7 13. Rc1 O-O 14. Bb1 Rc8
15. Qe2 cxd4 16. exd4 Nd5 17. Nxd5 Bxh4 18. Qe4 g6 19. Ne7+ Bxe7 20. Qxb7 Ba3
21. Rcd1 Ra8 22. Rfe1 Qc8 23. Qe4 Qd8 24. Qf4 Kg7 25. Qg3 Qb8 26. Qh3 Nf6
27. Ne5 Qe8 28. Re3 Nh5 29. Qf3 Bd6 30. g4 Nf6 31. h4 Bxe5 32. Rxe5 Rd8 33. g5
hxg5 34. hxg5 Nd5 35. Be4 Qc6 36. Qg4 Qd7 37. Qf3 Qc6 38. Kg2 Qd6 39. Rh1 Qd7
40. Bxd5 exd5 41. Qf6+ 1-0

[Event "Championnat de Paris - Open B"]
[Site "Paris"]
[Date "2008.07.03"]
[Round "6.5"]
[White "Gagnepain, Laurent"]
[Black "Tran-Tu, Kieu"]
[Result "0-1"]
[WhiteElo "1766"]
[BlackElo "1840"]
[Annotator ""]

1. d4 g6 2. c4 Nf6 3. Nc3 d5 4. cxd5 Nxd5 5. e4 Nxc3 6. bxc3 Bg7 7. Bc4 c5
8. Ne2 O-O 9. O-O Nc6 10. Be3 cxd4 11. cxd4 Bg4 12. f3 Bd7 13. Rc1 a6 14. Qd2
Qa5 15. Rc3 Rac8 16. Rfc1 e6 17. Qd1 Na7 18. Bd2 Ba4 19. Qe1 Qb6 20. Be3 Qd6
21. e5 Qb8 22. Bg5 Nb5 23. Bxb5 Bxb5 24. Be7 Rfe8 25. Bd6 Qa8 26. Rc7 Rxc7
27. Rxc7 Rc8 28. Qc1 Rxc7 29. Qxc7 Bxe2 30. a4 b5 31. d5 Bc4 32. dxe6 Bxe6
33. axb5 axb5 34. Qc1 Qa7+ 35. Bc5 Qc7 36. Qa3 Bxe5 37. Qa8+ Qb8 38. Qe4 Bxh2+
39. Kh1 Bd6 40. Bd4 Qf8 41. Qh4 Be7 42. Qe4 Qh6+ 43. Kg1 Qc1+ 44. Kf2 Qg5
45. Qa8+ Bf8 46. Qe4 Qd5 47. Qf4 Qf5 48. Qe3 Bg7 49. Bxg7 Kxg7 50. g4 Qc2+
51. Kg3 Qb2 52. g5 b4 53. Qc5 Qc3 54. Qa5 Bf5 55. Kg2 Qb2+ 56. Kg3 b3 57. f4
Qd4 58. Qc7 b2 59. Kh4 b1=Q 0-1

[Event "Championnat de Paris - Open B"]
[Site "Paris"]
[Date "2008.07.04"]
[Round "7.1"]
[White "Eden, James"]
[Black "Ecalle, Aurelien"]
[Result "1-0"]
[WhiteElo "1790"]
[BlackElo "1615"]
[Annotator ""]

1. e4 c5 2. Nf3 d6 3. d4 cxd4 4. Nxd4 Nf6 5. Nc3 g6 6. Bc4 Bg7 7. Be3 O-O 8. f3
Nc6 9. Qd2 Bd7 10. O-O-O Rc8 11. Be2 Ne5 12. h4 h5 13. Bh6 Nc4 14. Bxc4 Rxc4
15. Bxg7 Kxg7 16. Nde2 b5 17. g4 hxg4 18. h5 Nxh5 19. Rxh5 gxh5 20. Qg5+ 1-0

[Event "Championnat de Paris - Open B"]
[Site "Paris"]
[Date "2008.07.04"]
[Round "7.2"]
[White "Borrat, Julien"]
[Black "Rachid, Danial"]
[Result "0-1"]
[WhiteElo "1878"]
[BlackElo "1871"]
[Annotator ""]

1. d4 Nf6 2. g4 d5 3. g5 Nfd7 4. e4 e6 5. Nc3 c6 6. Bf4 Nb6 7. Nf3 Bb4 8. Ne5
Na4 9. Bd2 Nxb2 10. Qh5 g6 11. Qf3 Qe7 12. a3 Bxc3 13. Bxc3 Na4 14. Bd2 Nd7
15. Ng4 dxe4 16. Qf4 Nab6 17. c4 c5 18. dxc5 Na4 19. Qxe4 Qxc5 20. Bb4 Qxg5
21. Qd4 e5 22. Qd6 a5 23. Bd2 Qxg4 24. Be2 Qd4 25. Qxd4 exd4 26. Bf3 Ne5
27. Bd5 Nb6 28. O-O-O Nd3+ 29. Kc2 Bf5 30. Bxb7 Nc5+ 31. Kc1 Nxb7 32. Rhe1+ Be6
33. Bf4 Rc8 0-1

[Event "Championnat de Paris - Open B"]
[Site "Paris"]
[Date "2008.07.04"]
[Round "7.3"]
[White "Guilchard, Benjamin"]
[Black "Saunier, Serge"]
[Result "0-1"]
[WhiteElo "1788"]
[BlackElo "1890"]
[Annotator ""]

1. e4 e6 2. d4 d5 3. Nc3 Bb4 4. e5 Qd7 5. a3 Bf8 6. Bb5 c6 7. Bd3 b6 8. Qe2 Ne7
9. Nd1 a5 10. h4 Ba6 11. Ne3 c5 12. c3 cxd4 13. cxd4 Bxd3 14. Qxd3 Ng6 15. h5
Ne7 16. Ne2 Nec6 17. h6 g6 18. Ng4 Be7 19. Qf3 Qd8 20. Be3 Nd7 21. O-O b5
22. b3 O-O 23. Nc1 Qb6 24. Qe2 Rac8 25. Nd3 Na7 26. Qb2 Rc6 27. Rac1 Rfc8
28. Rxc6 Rxc6 29. Rc1 Qc7 30. Rxc6 Qxc6 31. Kf1 Nc8 32. Bd2 b4 33. a4 Na7
34. Be3 Bf8 35. Qd2 Nc8 36. Bg5 Ne7 37. Nf6+ Nxf6 38. exf6 Nf5 39. Ne5 Qc3
40. Qxc3 bxc3 41. Ke2 Nxd4+ 42. Kd3 Nxb3 43. Kxc3 Nc5 44. f3 Nxa4+ 45. Kb3 Nb6
46. Nc6 a4+ 47. Kc3 Bd6 48. Be3 Nc4 49. Bg5 Kf8 0-1

[Event "Championnat de Paris - Open B"]
[Site "Paris"]
[Date "2008.07.04"]
[Round "7.4"]
[White "Tran-Tu, Kieu"]
[Black "Fontaine, Olivier"]
[Result "1/2-1/2"]
[WhiteElo "1840"]
[BlackElo "1797"]
[Annotator ""]

1. c4 Nf6 2. Nc3 e6 3. d4 d5 4. Bg5 Be7 5. Nf3 c6 6. e3 h6 7. Bh4 O-O 8. Bd3
Nbd7 9. c5 b6 10. b4 a5 11. a3 axb4 12. axb4 Rxa1 13. Qxa1 bxc5 14. bxc5 Re8
15. O-O g5 16. Bg3 Nh5 17. Qa7 Nxg3 18. hxg3 Bf6 19. Rb1 e5 20. Bf5 Qe7
21. Bxd7 Qxd7 22. Qxd7 Bxd7 23. Rb7 Bf5 24. Rc7 exd4 25. Nxd4 Bxd4 26. exd4 Re6
27. Na2 Bd3 28. Nb4 Bb5 29. Kh2 Kg7 30. Kh3 Kg6 31. f3 f5 32. f4 gxf4 33. gxf4
Kh5 34. Rf7 Re3+ 35. Kh2 Kg4 36. Rf6 Kxf4 37. Nxc6 Bxc6 38. Rxc6 Ke4 39. Re6+
Kxd4 40. Rxe3 Kxe3 41. c6 d4 42. c7 d3 43. c8=Q d2 44. Qc2 Ke2 45. Kg3 Ke1
46. Kf4 d1=Q 47. Qxd1+ Kxd1 48. Kxf5 Ke2 1/2-1/2

[Event "Championnat de Paris - Open B"]
[Site "Paris"]
[Date "2008.07.04"]
[Round "7.5"]
[White "Baches, Frederic"]
[Black "Durand, Victor"]
[Result "1-0"]
[WhiteElo "1827"]
[BlackElo "1635"]
[Annotator ""]

1. e4 e5 2. Nf3 Nc6 3. d4 exd4 4. Nxd4 Bc5 5. Nxc6 bxc6 6. Bc4 Bb7 7. Bxf7+
Kxf7 8. Qh5+ g6 9. Qxc5 Nf6 10. O-O Nxe4 11. Qe3 d5 12. f3 Nf6 13. b3 Qd6
14. Ba3 Qd7 15. Qf4 Rae8 16. Bb2 Re6 17. Nc3 Qe7 18. Na4 Rf8 19. Qd4 Ba6
20. Rfc1 Bb5 21. Nc5 Rd6 22. a4 Be2 23. Nb7 Re6 24. Ba3 Qe8 25. Bxf8 Qxf8
26. Nc5 Re7 27. Re1 Qh6 28. Nd3 Bxd3 29. Rxe7+ Kxe7 30. Qxd3 Kd6 31. Re1 Qg7
32. c4 Qf7 33. Qe3 c5 34. Qe5+ Kd7 35. cxd5 Nxd5 36. Rd1 Kc6 37. Qe4 Kd6 38. b4
cxb4 39. Qxb4+ Kc6 40. Rc1+ Kd7 41. Qb5+ Kd6 42. Qc5+ 1-0

[Event "Championnat de Paris - Open B"]
[Site "Paris"]
[Date "2008.07.05"]
[Round "8.1"]
[White "Rachid, Danial"]
[Black "Baches, Frederic"]
[Result "1/2-1/2"]
[WhiteElo "1871"]
[BlackElo "1827"]
[Annotator ""]

1. e4 d5 2. exd5 Qxd5 3. Nc3 Qa5 4. d4 Nf6 5. Bc4 Bf5 6. Bd2 Qb4 7. b3 Qd6
8. Qf3 Bc8 9. Nge2 c6 10. Bf4 Qd7 11. d5 Qg4 12. Qxg4 Bxg4 13. dxc6 bxc6
14. Nd4 Bd7 15. O-O g6 16. Be2 Nd5 17. Nxd5 cxd5 18. Rad1 Bg7 19. Nb5 Na6
20. Nd6+ exd6 21. Bxa6 Be6 22. Bxd6 Kd7 23. Bf4 Kc6 24. a4 Kb6 25. Bd3 Rhc8
26. Rfe1 Bf8 27. Be3+ Bc5 28. b4 Bxe3 29. Rxe3 a5 30. Rb1 Rc3 31. Ree1 Kc7
32. b5 Kb6 33. Rb3 Rxb3 34. cxb3 Rc8 35. Kf1 Rc3 36. Ke2 Rxb3 37. Rc1 Bd7
38. Bc2 Rb4 39. Ra1 Rc4 40. Bb3 Rb4 41. Bc2 Rc4 42. Kd2 Be6 43. Rc1 Rd4+
44. Kc3 Rc4+ 45. Kb2 Rb4+ 46. Kc3 Rc4+ 47. Kd2 Rd4+ 1/2-1/2

[Event "Championnat de Paris - Open B"]
[Site "Paris"]
[Date "2008.07.05"]
[Round "8.2"]
[White "Papa, Kassim"]
[Black "Eden, James"]
[Result "0-1"]
[WhiteElo "1810"]
[BlackElo "1790"]
[Annotator ""]

1. e4 e5 2. Nf3 Nc6 3. Nc3 Nf6 4. Bb5 d6 5. d4 exd4 6. Nxd4 Bd7 7. Be3 Be7
8. f3 a6 9. Ba4 b5 10. Bb3 Ne5 11. Nde2 c5 12. Bd5 Nxd5 13. Nxd5 Nc4 14. Bc1
O-O 15. Nxe7+ Qxe7 16. b3 Nb6 17. Bf4 d5 18. exd5 Rfe8 19. d6 Qf6 20. Bg3 Nd5
21. Kf2 Rxe2+ 22. Qxe2 Qd4+ 23. Kf1 Ne3+ 24. Qxe3 Qxe3 25. Re1 Qd2 26. Re7 Re8
27. Rxd7 Qd1+ 28. Kf2 Re2+ 0-1

[Event "Championnat de Paris - Open B"]
[Site "Paris"]
[Date "2008.07.05"]
[Round "8.3"]
[White "Saunier, Serge"]
[Black "Ecalle, Aurelien"]
[Result "1-0"]
[WhiteElo "1890"]
[BlackElo "1615"]
[Annotator ""]

1. d4 d5 2. Nf3 Nf6 3. Bg5 Ne4 4. Bf4 Nd7 5. e3 Ndf6 6. Ne5 c6 7. c3 Qb6 8. Qc2
g5 9. Bg3 Bf5 10. Bd3 Nxg3 11. hxg3 Bxd3 12. Nxd3 Bg7 13. Nd2 Qc7 14. Ne5 h6
15. f4 Nd7 16. Ndf3 Nxe5 17. dxe5 Qd7 18. O-O-O g4 19. Nd4 O-O-O 20. Rh5 e6
21. Qa4 Kb8 22. Rdh1 Rh7 23. b4 Qc7 24. Nb3 Bf8 25. Kd2 Qb6 26. Qa5 Bg7
27. Qxb6 axb6 28. a4 Rdh8 29. a5 Kc7 30. axb6+ Kxb6 31. Ra1 Rd8 32. Nc5 Bf8
33. Nd3 Be7 34. Nf2 Rg8 35. Kd3 f5 36. exf6 Bxf6 37. e4 dxe4+ 38. Nxe4 Rd7+
39. Kc4 Bg7 40. Ra2 Rd5 41. Rh4 h5 42. Rh1 Rgd8 43. Nc5 R8d6 44. Re2 Bh8
45. Nxe6 Rd3 46. Rc2 Rxg3 47. Nc5 Rd5 48. Re1 Bf6 49. Re6 Bd8 50. Rf2 Kc7
51. f5 b6 52. Ne4 Re3 53. Re8 Rd7 54. f6 Rf7 55. Kd4 Re1 56. Ra2 Bxf6+ 57. Nxf6
Rd1+ 58. Ke5 Re1+ 59. Ne4 Rxe4+ 60. Kxe4 1-0

[Event "Championnat de Paris - Open B"]
[Site "Paris"]
[Date "2008.07.05"]
[Round "8.4"]
[White "Balazs, Laurent"]
[Black "Dimart, Denis"]
[Result "1/2-1/2"]
[WhiteElo "1847"]
[BlackElo "1812"]
[Annotator ""]

1. c4 e5 2. Nc3 f5 3. d3 Nf6 4. e4 d6 5. g3 c6 6. Bg2 Be7 7. Nge2 Be6 8. b3 O-O
9. O-O Nbd7 10. h3 fxe4 11. dxe4 Kh8 12. Be3 Qe8 13. f4 exf4 14. gxf4 Nh5
15. Kh2 Ndf6 16. Nd4 Bd7 17. Bf3 Bd8 18. Qe2 g6 19. Rad1 Bc7 20. Bg2 a6 21. Bf3
Qe7 22. Rde1 Rae8 23. Bd2 Qd8 24. Qg2 Ng7 1/2-1/2

[Event "Championnat de Paris - Open B"]
[Site "Paris"]
[Date "2008.07.05"]
[Round "8.5"]
[White "Tran-Tu, Kieu"]
[Black "Clement, Alexandre"]
[Result "1/2-1/2"]
[WhiteElo "1840"]
[BlackElo "1583"]
[Annotator ""]

1. c4 c6 2. g3 d5 3. d4 dxc4 4. e4 e5 5. Bxc4 Qxd4 6. Qxd4 exd4 7. Nf3 c5
8. Ng5 h6 9. Nxf7 Rh7 10. O-O Nc6 11. f4 Na5 12. Nd6+ Bxd6 13. Bxg8 Rh8 14. Bd5
Bd7 15. Bd2 Nc6 16. e5 Bc7 17. e6 Bc8 18. Na3 Ne7 19. Bb3 a6 20. Rac1 b6 21. f5
Bb7 22. f6 gxf6 23. Rxf6 Be5 24. Rf7 Bd5 25. Bxd5 Nxd5 26. Rf5 Bg7 27. Rxd5 Rd8
28. Rxd8+ Kxd8 29. Rf1 Rf8 30. Nc4 Rxf1+ 31. Kxf1 b5 32. Nd6 Bf8 33. Nb7+ Kc7
34. Na5 Kd6 35. Nb7+ Kc7 36. Na5 Kd6 37. Nb3 Kxe6 38. Ke2 Kd5 39. Nc1 c4 40. a3
h5 41. Na2 Ke4 42. Nb4 d3+ 43. Kd1 Bg7 44. Nxa6 Bxb2 45. Nc7 Bxa3 46. Nxb5 Bc5
47. Nc3+ Kf3 48. Nd5 Bg1 49. Nf4 Bxh2 50. Nxh5 Bxg3 51. Nxg3 Kxg3 1/2-1/2

[Event "Championnat de Paris - Open B"]
[Site "Paris"]
[Date "2008.07.06"]
[Round "9.1"]
[White "Eden, James"]
[Black "Saunier, Serge"]
[Result "0-1"]
[WhiteElo "1790"]
[BlackElo "1890"]
[Annotator ""]

1. e4 e6 2. d4 d5 3. Nc3 Bb4 4. e5 c5 5. Bd2 cxd4 6. Nb5 Be7 7. Nxd4 Nc6
8. Ngf3 Bc5 9. Bb5 Ne7 10. Be3 Qb6 11. Rb1 Bd7 12. Bxc6 Bxc6 13. c3 O-O 14. b4
Bxd4 15. Nxd4 Qc7 16. f4 Nf5 17. Nxf5 exf5 18. Bc5 Rfd8 19. O-O b6 20. Bd6 Qd7
21. Qd4 Bb5 22. Rf3 Qe6 23. Qd2 h5 24. Rg3 g6 25. Qd1 Kg7 26. Rb2 Bc4 27. Qd2
Rac8 28. h3 Bb5 29. Rb1 Rc4 30. Rd3 Rxf4 31. Rxd5 Bc4 32. Qxf4 Qxd5 33. Qd4 Rc8
34. a4 Qe4 35. Rd1 Bb3 36. Qxe4 fxe4 37. Rc1 Bxa4 38. c4 Bb5 39. c5 bxc5
40. bxc5 a5 41. Kf2 Bc6 42. g4 hxg4 43. hxg4 g5 44. Be7 Kg6 45. Rd1 a4 46. Rd6+
Kg7 47. Bxg5 a3 48. Be3 a2 49. Bd4 Kf8 50. g5 Ke7 51. Rf6 Bd5 52. Ra6 Rc6
53. Ra7+ Ke6 54. Kg3 Kf5 55. Kh4 Rg6 56. Ra5 Kf4 57. Ra3 Rg8 58. Kh3 Rh8+
59. Kg2 e3+ 60. Kf1 Rh1+ 61. Ke2 Bc4+ 62. Rd3 Rh2+ 0-1

[Event "Championnat de Paris - Open B"]
[Site "Paris"]
[Date "2008.07.06"]
[Round "9.2"]
[White "Houdeyer, Hendricks"]
[Black "Rachid, Danial"]
[Result "0-1"]
[WhiteElo "1820"]
[BlackElo "1871"]
[Annotator ""]

1. e4 e6 2. g3 d5 3. exd5 exd5 4. Bg2 c6 5. d4 Nf6 6. Be3 Be7 7. Nf3 Bg4 8. h3
Bf5 9. Nbd2 Nbd7 10. c3 O-O 11. Nh4 Be4 12. Nxe4 Nxe4 13. Nf5 Ndf6 14. Qb3 Qd7
15. Nxe7+ Qxe7 16. Ke2 Rfe8 17. Bxe4 Nxe4 18. Rhg1 Rab8 19. Rae1 Qe6 20. Kd1
Qxh3 21. Rh1 Qg4+ 22. Kc1 Qf3 23. Bf4 Nxf2 24. Bxb8 Nd3+ 25. Kd2 Nxe1 26. Rg1
0-1

[Event "Championnat de Paris - Open B"]
[Site "Paris"]
[Date "2008.07.06"]
[Round "9.3"]
[White "Baches, Frederic"]
[Black "Mitt, Hando"]
[Result "0-1"]
[WhiteElo "1827"]
[BlackElo "1837"]
[Annotator ""]

1. e4 d6 2. d4 Nf6 3. Nc3 g6 4. Bg5 Bg7 5. e5 Nfd7 6. f4 O-O 7. Nf3 c5 8. Nd5
f6 9. Bh4 Nc6 10. Bc4 Kh8 11. O-O dxe5 12. fxe5 cxd4 13. exf6 Nxf6 14. Nf4 Qd6
15. Ng5 Ne5 16. Bg3 Nfg4 17. Nd5 Qc5 18. Rxf8+ Bxf8 19. Qf1 Bf5 20. Bxe5+ Nxe5
21. Bb3 Bh6 22. Nf3 Ng4 23. Qc4 Qxc4 24. Bxc4 Ne3 25. Nxe3 Bxe3+ 26. Kf1 Bxc2
27. Ke2 Kg7 28. Bd3 Ba4 29. Be4 Bb5+ 30. Bd3 Bc6 31. Rd1 Kf6 32. Bc4 e5 33. Rf1
Bxf3+ 34. Rxf3+ Kg5 35. Rf7 Rc8 36. Bd3 h5 37. Be4 Rd8 38. Rxb7 Rf8 39. Bf3 Bg1
40. h3 Kf4 41. Kd3 Be3 42. Rxa7 Rb8 43. Rf7+ Kg3 44. Rb7 Rc8 45. Rb5 Kf4 46. a4
Rc1 47. a5 e4+ 48. Bxe4 Rd1+ 49. Kc4 Kxe4 50. Rb6 Ra1 51. Rf6 d3 0-1

[Event "Championnat de Paris - Open B"]
[Site "Paris"]
[Date "2008.07.06"]
[Round "9.4"]
[White "Dimart, Denis"]
[Black "Collette, Gilles"]
[Result "1-0"]
[WhiteElo "1812"]
[BlackElo "1900"]
[Annotator ""]

1. e4 e6 2. d4 d5 3. Nd2 dxe4 4. Nxe4 Nd7 5. Nf3 Ngf6 6. Bd3 Nxe4 7. Bxe4 Nf6
8. Bd3 c5 9. dxc5 Bxc5 10. O-O Qc7 11. h3 Bd7 12. b3 Bc6 13. Bb2 O-O-O 14. Ne5
Be4 15. Qe2 Bxd3 16. cxd3 Kb8 17. Rac1 Qe7 18. Rxc5 Qxc5 19. Nxf7 Qd5 20. Nxh8
Rxh8 21. Rc1 Nd7 22. Re1 Rg8 23. Qxe6 Qxe6 24. Rxe6 Nc5 25. Re3 g6 26. Be5+ Kc8
27. d4 Na6 28. a3 Kd7 29. f3 Rc8 30. Kh2 Rc2 31. b4 Nc7 32. Bxc7 Rxc7 33. h4
Kd6 34. g4 Kd5 35. Kg3 Kxd4 36. Re4+ Kd5 37. Rf4 Ke6 38. g5 Rc3 39. a4 Ke7
40. Kg4 b6 41. h5 Rc6 42. hxg6 hxg6 43. Kg3 a6 44. Kg4 a5 45. bxa5 bxa5
46. Re4+ Kd6 47. f4 Rc1 48. Re5 Rg1+ 49. Kh3 Rf1 50. Kg3 Rg1+ 51. Kf2 1-0

[Event "Championnat de Paris - Open B"]
[Site "Paris"]
[Date "2008.07.06"]
[Round "9.5"]
[White "Papa, Kassim"]
[Black "Durand, Sylvain"]
[Result "0-1"]
[WhiteElo "1810"]
[BlackElo "1877"]
[Annotator ""]

1. e4 c5 2. Nf3 Nc6 3. d4 cxd4 4. Nxd4 Nf6 5. Nc3 e5 6. Nf5 d5 7. Bg5 d4
8. Bxf6 gxf6 9. Ne2 Bxf5 10. exf5 Bh6 11. f4 exf4 12. Qd2 Qd5 13. O-O-O Qxa2
14. c3 d3 15. Qxd3 f3+ 16. Kc2 Qa4+ 17. Kb1 Ne5 18. Qd4 0-1